LIBRARY & INFORMATION CENTRE, KCAET, TAVANUR

ONLINE PUBLIC ACCESS CATALOGUE (OPAC)

Research methodology: Methods and techniques / (Record no. 10683)

MARC details
000 -LEADER
fixed length control field 00527cam a2200205ua 4500
020 ## - INTERNATIONAL STANDARD BOOK NUMBER
ISBN 81-7328-036-3
041 ## - LANGUAGE CODE
Language code of text/sound track or separate title eng
082 ## - DEWEY DECIMAL CLASSIFICATION NUMBER
Classification number 001.42
Item number KOT/RE
100 ## - MAIN ENTRY--AUTHOR NAME
Personal name Kothari, C R .
245 ## - TITLE STATEMENT
Title Research methodology: Methods and techniques /
250 ## - EDITION STATEMENT
Edition statement 1 /
260 ## - PUBLICATION, DISTRIBUTION, ETC. (IMPRINT)
Place of publication New Delhi :
Name of publisher Wishwa Prakashan ,
Year of publication 1989.
300 ## - PHYSICAL DESCRIPTION
Number of Pages 468 ; .
500 ## - GENERAL NOTE
General note 19169 CSS
942 ## - ADDED ENTRY ELEMENTS (KOHA)
Koha item type Books
Holdings
Withdrawn status Lost status Damaged status Home library Current library Shelving location Date acquired Full call number Accession Number Koha item type
      KAUAET KAUAET Scheme 07/04/2012 001.42 KOT/RE 19169 Books
      KAUAET KAUAET   07/04/2012 001.42 21181 Books
free website counter